Gua̕ prc̀tica para la proteccin̤ de datos de carc̀ter personal

Detalles Bibliográficos
Autor principal: Marzo Portera, Ana
Formato: eBook
Lenguaje:español
Publicado: [Barcelona] : Experiencia, 2009
Materias:
Acceso en línea:Acceso restringido

MARC

LEADER 00000nam a2200000 a 4500
005 20120720151331.0
007 cr |||||||||||
008 120704s2009 spc|||| s|||||0|| 0 spa|c
020 |a 9788496283763 
035 |a 6525 
040 |d vLex 
080 |a 342.721 
090 |c 3311  |d 3311 
100 1 |a Marzo Portera, Ana 
245 1 0 |a Gua̕ prc̀tica para la proteccin̤ de datos de carc̀ter personal  |h [Recurso electrn̤ico] /  |c Ana Marzo Portera 
256 |a Servicio en ln̕ea 
260 |a [Barcelona] :  |b Experiencia,  |c 2009 
300 |a 1 recurs electrṇic 
500 |a Descripci ̤del recurs: el 4 de juliol de 2012 
504 |a Refern̈cies bibliogrf̉iques. Índex 
506 1 |a Contenido solo disponible en los productos indicados  |d vLex Global   |d vLex Global (Academic Edition, excluding Law Schools)   |d vLex Global (U.S. Academic Edition, Law Schools)   |d vLex Global (U.S. Academic Edition, excluding Law Schools)   |d vLex Global (Academic Edition, Law Schools)  
650 0 4 |a Proteccin̤ de datos  |x Derecho y legislacin̤  |z Espaą 
655 4 |a Llibres electrṇics 
740 0 |a vLex Libros (Servicio en ln̕ea) 
856 4 0 |z Acceso restringido  |u http://vlex.com/source/guia-practica-proteccion-datos-caracter-personal-6525 
942 |c BOOK 
999 0 |a Data protection